000 00686nam a2200169 4500
008 160811b xxu||||| |||| 00| 0 eng d
022 _a01153153
082 _aDPer 150.5 P53 June-Dec 2013 V. 46 n. 1 & 2
100 _912650
_aManalastas, Eric Julian
243 _aPhilippine journal of psychology
245 _aFilipino LGBT psychology:
_bmoving beyond "homosexual" street corners to advancing contemporary visions/
_cEric Julian Manalastas.
260 _aQuezon City:
_bPsychological Association of the Philippines,
_cc2013.
300 _aV46 n2, pages 1-3;
_c24 cm.
500 _aPhilippine Journal of Psychology
650 0 _912652
_aHomosexuality
942 _2ddc
_cPER
999 _c3800
_d3800